000
00349nam a2200133Ia 4500
008
231129s1998||||xx |||||||||||||| ||spa||
020
_a
958-96386-0-0
040
_b
spa
082
_a
796.334 J91
245
0
_a
Juego limpio
260
_c
1998
264
_a
Corporacion Cultural Nuevo Milenio
942
_2
ddc
_c
BKS
999
_c
16231
_d
16231